Normal view
MARC view
Entry Topical Term
001 - CONTROL NUMBER
- control field: 57532
003 - CONTROL NUMBER IDENTIFIER
- control field: OSt
005 - DATE AND TIME OF LATEST TRANSACTION
- control field: 20251022143826.0
008 - FIXED-LENGTH DATA ELEMENTS
- fixed length control field: 251022|| aca||aabn | a|a d
040 ## - CATALOGING SOURCE
- Original cataloging agency: OSt
- Transcribing agency: OSt
150 ## - HEADING--TOPICAL TERM
- Topical term or geographic name entry element: Consumer brand identification, Corporate social responsibility, Electronic world of mouth, Public sector banks, Social media.
670 ## - SOURCE DATA FOUND
- Source citation: Work cat.: (OSt): Sharma, Rajesh 57531, The influence of social media corporate social responsibility communication on consumer brand identification and electronic word of mouth in the banking sector: The moderating role of user generated content
